Ezekiel
Introduction -- Ezekiel's message of judgment (Ezek. 1-33) -- Ezekiel's call (Ezek. 1-3) -- Signs and oracles of judgment (Ezek. 4-7) -- The glory departs (Ezek. 8-11) -- Laying the blame and taking responsibility (Ezek. 12-19) -- Signs, sayings, and oracles of judgment (Ezek. 12-14) -- Ri...
| Main Author: | |
|---|---|
| Format: | Print Book |
| Language: | English |
| Subito Delivery Service: | Order now. |
| Check availability: | HBZ Gateway |
| WorldCat: | WorldCat |
| Interlibrary Loan: | Interlibrary Loan for the Fachinformationsdienste (Specialized Information Services in Germany) |
| Published: |
Peabody, Mass.
Hendrickson Publ.
2009
|
| In: |
New international biblical commentary / Old Testament series (15)
Year: 2009 |
| Reviews: | Review of Tuell, Steven, Ezekiel (NIBC, 15; Peabody, MA: Hendrickson, 2009). Pp. xv + 368. Paperback. US16.95. ISBN 978-1-56563-226-4 (2013) (Phinney, D. Nathan)
|
| Series/Journal: | New international biblical commentary / Old Testament series
15 |
| Standardized Subjects / Keyword chains: | B
Ezekiel
|
| IxTheo Classification: | HB Old Testament |
| Further subjects: | B
Commentary
B Bible. Ezekiel Commentaries |
MARC
| LEADER | 00000cam a2200000 cb4500 | ||
|---|---|---|---|
| 001 | 1372509399 | ||
| 003 | DE-627 | ||
| 005 | 20251225184222.0 | ||
| 007 | tu | ||
| 008 | 090203s2009 xxu||||| 00| ||eng c | ||
| 010 | |a 2008029132 | ||
| 020 | |a 9781565632264 |c alk. paper |9 978-1-56563-226-4 | ||
| 020 | |a 9781853647369 |9 978-1-85364-736-9 | ||
| 035 | |a (DE-627)1372509399 | ||
| 035 | |a (DE-576)302509399 | ||
| 035 | |a (DE-599)BSZ302509399 | ||
| 035 | |a (OCoLC)233635060 | ||
| 040 | |a DE-627 |b ger |c DE-627 |e rakwb | ||
| 041 | |a eng | ||
| 044 | |c XD-US | ||
| 050 | 0 | |a BS1545.53 | |
| 082 | 0 | |a 224.407 | |
| 084 | |a 6,22 |a 1 |2 ssgn | ||
| 100 | 1 | |8 1\p |0 (DE-588)1055769943 |0 (DE-627)793814758 |0 (DE-576)411219561 |4 aut |a Tuell, Steven Shawn |d 1956- | |
| 109 | |a Tuell, Steven Shawn 1956- |a Shawn Tuell, Steven 1956- |a Tuell, Steven 1956- |a Tuell, Steven S. 1956- |a Tuell, Stephen S. 1956- | ||
| 245 | 1 | 0 | |a Ezekiel |c Steven Tuell |
| 264 | 1 | |a Peabody, Mass. |b Hendrickson Publ. |c 2009 | |
| 300 | |a XV, 368 S. | ||
| 336 | |a Text |b txt |2 rdacontent | ||
| 337 | |a ohne Hilfsmittel zu benutzen |b n |2 rdamedia | ||
| 338 | |a Band |b nc |2 rdacarrier | ||
| 490 | 1 | |a New international biblical commentary; Old Testament series |v 15 | |
| 500 | |a Includes bibliographical references and indexes | ||
| 520 | |a Introduction -- Ezekiel's message of judgment (Ezek. 1-33) -- Ezekiel's call (Ezek. 1-3) -- Signs and oracles of judgment (Ezek. 4-7) -- The glory departs (Ezek. 8-11) -- Laying the blame and taking responsibility (Ezek. 12-19) -- Signs, sayings, and oracles of judgment (Ezek. 12-14) -- Riddles and metaphors (Ezek. 15-17) -- Personal accountability (Ezek. 18-19) -- Oracles of destruction (Ezek. 20-24) -- An unholy history (Ezek. 20:1-44) -- Miscellaneous oracles of judgment (Ezek. 20:45-22:31) -- A tale of two sisters (Ezek. 23) -- Jerusalem's siege, in parable and sign (Ezek. 24) -- Oracles against the nations (Ezek. 25-32) -- Ammon, Moab, Edom, and Philistia (Ezek. 25) -- Tyre, Sidon and Israel (Ezek. 26:1-28:26) -- Egypt (Ezek. 29:1-32:32) -- Endings and beginnings (Ezek. 33) -- Ezekiel's message of hope and restoration (Ezek. 34-48) -- Oracles of restoration (Ezek. 34-37) -- Gog of Magog (Ezek. 38-39) -- The law of the temple (Ezek. 40-48) -- Prologue to the law of the temple : the Lord comes home (Ezek. 40:1-43:9) -- The law of the temple (Ezek. 43:10-46:24) -- Epilogue to the law of the temple : river, land, city (Ezek. 47-48) | ||
| 583 | 1 | |a Archivierung prüfen |c 20200919 |f DE-640 |z 1 |2 pdager | |
| 583 | 1 | |a Archivierung/Langzeitarchivierung gewährleistet |f SSG |x XA-DE-BW |2 pdager |5 DE-21 | |
| 630 | 2 | 0 | |a Bible |p Ezekiel |v Commentaries |
| 652 | |a HB |b DDCoderRVK | ||
| 655 | 7 | |a Kommentar |0 (DE-588)4136710-8 |0 (DE-627)104500719 |0 (DE-576)209671467 |2 gnd-content | |
| 689 | 0 | 0 | |d u |0 (DE-588)4016109-2 |0 (DE-627)106334182 |0 (DE-576)208914854 |a Bibel |2 gnd |p Ezechiel |
| 689 | 0 | |5 (DE-627) | |
| 787 | 0 | 8 | |i Rezensiert in |a Phinney, D. Nathan |t Review of Tuell, Steven, Ezekiel (NIBC, 15; Peabody, MA: Hendrickson, 2009). Pp. xv + 368. Paperback. US16.95. ISBN 978-1-56563-226-4 |d 2013 |w (DE-627)1851521372 |
| 830 | 0 | |a New international biblical commentary / Old Testament series |v 15 |9 15 |w (DE-627)1128374072 |w (DE-576)058374078 |7 am | |
| 883 | |8 1\p |a cgwrk |d 20241001 |q DE-101 |u https://d-nb.info/provenance/plan#cgwrk | ||
| 935 | |a mteo | ||
| 951 | |a MV | ||
| BIB | |a 1 | ||
| BIR | |a 53000000_53999999 |b biblesearch | ||
| ELC | |b 1 | ||
| ITA | |a 1 |t 1 | ||
| LOK | |0 000 xxxxxcx a22 zn 4500 | ||
| LOK | |0 001 2591518122 | ||
| LOK | |0 003 DE-627 | ||
| LOK | |0 004 1372509399 | ||
| LOK | |0 005 20090203110529 | ||
| LOK | |0 008 090203||||||||||||||||ger||||||| | ||
| LOK | |0 040 |a DE-21 |c DE-627 |d DE-21 | ||
| LOK | |0 852 |a DE-21 | ||
| LOK | |0 852 1 |c 37 A 5322-15 |9 00 | ||
| LOK | |0 935 |a theo | ||
| LOK | |0 936ln |a t2.1 | ||
| LOK | |0 938 |a 0902 |f 2 | ||
| LOK | |0 939 |a 03-02-09 |b l01 | ||
| ORI | |a SA-MARC-ixtheoa001.raw | ||
| SUB | |a BIB | ||
| SYG | 0 | 0 | |a Bibel,Ezekiel,Buch Hesekiel,Ezechiel,Hesekiel,Ez,Ezek,Ezekiel (Buch der Bibel),Das Buch des Propheten Ezechiel,Ezechiel (Buch der Bibel),Yeḥezḳel,Sefer Yeḥezḳel,Le livre d'Ézéchiel,Bibel,Ézéchiel,Ézéchiel,יחזקאל,ספר יחזקאל |